[Event "36th National Sub Junior 2019"]
[Site "Tiruchengode"]
[Date "2019.07.16"]
[Round "10.4"]
[White "Chinnam Vyshnavi"]
[Black "Jain Nityata"]
[Result "0-1"]
[WhiteElo "1664"]
[BlackElo "2135"]
[Annotator "TA"]
[PlyCount "64"]
[EventDate "2019.07.09"]
[EventCountry "IND"]
[SourceTitle "playchess.com"]
[Source "ChessBase"]
[SourceQuality "1"]

{[%evp 15,63,-10,-6,-12,-11,-8,0,0,0,0,0,-42,-33,-36,-34,-83,-56,-48,-61,-67,-58,-67,-68,-74,-74,-154,-95,-106,-105,-140,-154,-179,-170,-632,-618,-604,-604,-563,-400,-1837,-1835,-29988,-29989,-29989,-29990,-29997,-29998,-29998,-29999,-29999]} 1. d4 Nf6 2. Bf4 d5 3. e3 e6 4. Nf3 c5 5. c3 Bd6 6. Bg3 Qc7 7. Nbd2 Nbd7 8. Bd3 O-O 9. O-O {D02: 1 d4 d5 2 Nf3 sidelines, including 2...Nf6 3 g3 and 2...Nf6 3 Bf4} (9. Qc2 e5 10. dxe5 Nxe5 11. Nxe5 Bxe5 12. Nf3 Bxg3 13. hxg3 h6 14. c4 Be6 15. O-O Rfd8 16. Rac1 Rac8 17. cxd5 Nxd5 {½-½ (36) Vachier Lagrave,M (2779)-Dominguez Perez,L (2739) chess.com INT 2018}) 9... Bxg3 10. hxg3 e5 {[#] aiming for ...e4.} 11. e4 {The position is equal.} exd4 12. cxd4 c4 13. e5 $146 (13. Bb1 {with more complications.} dxe4 14. Bxe4 Re8 15. Re1 Nb6 16. Rc1) ({Predecessor:} 13. Bc2 dxe4 14. Nxe4 Nxe4 15. Bxe4 Nf6 16. Bc2 b5 {0-1 (36) Rozic,V (2278)-Repkova,E (2423) Sibenik 2011}) 13... cxd3 14. exf6 Nxf6 15. Rc1 Qb6 16. Nb3 Bf5 17. Ne5 Rac8 (17... Rae8 {seems wilder.} 18. Nxd3 Ng4 19. Nf4 Qh6 20. Nh3 Nf6) 18. Rc5 Rxc5 19. dxc5 Qa6 20. Nd4 ({White should try} 20. Nc1) 20... Bg6 (20... Re8 $142 21. Nxf7 Bg4) 21. a4 Re8 22. Re1 Be4 23. f4 Qa5 24. Nb5 $2 (24. Nxd3 Bxd3 25. Rxe8+ Nxe8 26. Qxd3) 24... a6 $19 25. Nc3 Qxc5+ 26. Kf1 Qd4 {...d2 is the strong threat.} 27. Qd2 (27. Nf3 $142 Qc4 28. Ne5) 27... Rxe5 28. fxe5 Ng4 {[%cal Rg4h2] Black mates.} 29. Re3 Nxe3+ 30. Kf2 {[#]} Ng4+ $1 {[%mdl 64] Discovered Attack (Double check)} 31. Kf1 Nh2+ 32. Ke1 Qg1# {Accuracy: White = 28%, Black = 68%.} 0-1

[Event "36th National Sub Junior 2019"]
[Site "Tiruchengode"]
[Date "2019.07.16"]
[Round "10.5"]
[White "Tarunika P"]
[Black "Poorna Sri M.K"]
[Result "1/2-1/2"]
[WhiteElo "1561"]
[BlackElo "1681"]
[Annotator "NA RC"]
[PlyCount "79"]
[EventDate "2019.07.09"]
[EventCountry "IND"]
[SourceTitle "playchess.com"]
[Source "ChessBase"]
[SourceQuality "1"]
[TimeControl "5400+30"]

1. e4 {[%emt 0:00:00]} e5 {[%emt 0:00:00]} 2. Nf3 {[%emt 0:00:00]} Nc6 {[%emt 0:00:00]} 3. Nc3 {[%emt 0:00:00]} Nf6 {[%emt 0:00:02]} 4. Bb5 {[%emt 0:00:00]} Bb4 {[%emt 0:00:13]} 5. O-O {[%emt 0:00:19]} O-O {[%emt 0:00:11]} 6. d3 {[%emt 0:00:11]} d6 {[%emt 0:00:14]} 7. Bg5 {[%emt 0:00:08]} Bxc3 {[%emt 0:00:15]} 8. bxc3 {[%emt 0:00:16]} h6 {[%emt 0:01:05]} 9. Bh4 {[%emt 0:01:09]} a6 {[%emt 0:02:23]} 10. Ba4 {[%emt 0:00:25]} Qe7 {[%emt 0:00:43]} 11. Re1 {[%emt 0:00:42]} Nd8 {[%emt 0:00:43]} 12. d4 {[%emt 0:00:39]} Ne6 {[%emt 0:01:03]} 13. Bb3 {[%emt 0:04:09]} Nf4 {[%emt 0:03:35]} 14. Bg3 {[%emt 0:04:16]} N6h5 {[%emt 0:02:35]} 15. Nh4 {[%emt 0:07:52]} Qg5 {[%emt 0:07:13]} 16. Bc4 {[%emt 0:08:27]} Bg4 {[%emt 0:14:02]} 17. Nf3 {[%emt 0:01:17]} Qf6 {[%emt 0:02:05]} 18. Re3 {[%emt 0:04:54]} b5 {[%emt 0:19:42]} 19. Bf1 {[%emt 0:01:23]} c5 {[%emt 0:07:10]} 20. d5 {[%emt 0:00:42]} g5 {[%emt 0:01:30]} 21. h3 {[%emt 0:01:56]} Bd7 {[%emt 0:00:18]} 22. Nh2 {[%emt 0:01:03]} Qg6 {[%emt 0:02:30]} 23. Be2 {[%emt 0:11:02]} Nxg3 {[%emt 0:02:43]} 24. fxg3 {[%emt 0:00:45]} Nxe2+ {[%emt 0:00:08]} 25. Qxe2 {[%emt 0:02:18]} f5 {[%emt 0:00:47]} 26. g4 {[%emt 0:02:27]} fxg4 {[%emt 0:03:09]} 27. Nxg4 {[%emt 0:02:10]} Bxg4 {[%emt 0:03:15]} 28. Qxg4 {[%emt 0:00:33]} Rf4 {[%emt 0:00:36]} 29. Qd7 {[%emt 0:00:44]} Raf8 {[%emt 0:01:05]} 30. Re2 {[%emt 0:05:54]} Qf6 {[%emt 0:01:44]} 31. Kh2 {[%emt 0:01:34]} Rf1 {[%emt 0:07:15]} 32. Rxf1 {[%emt 0:01:19]} Qxf1 {[%emt 0:00:02]} 33. Qxd6 {[%emt 0:01:36]} Qxe2 {[%emt 0:15:02]} 34. Qg6+ {[%emt 0:00:07]} Kh8 {[%emt 0:00:06]} 35. Qxh6+ {[%emt 0:01:27]} Kg8 {[%emt 0:00:04]} 36. Qxg5+ {[%emt 0:07:50]} Kh7 {[%emt 0:02:12]} 37. Qe7+ {[%emt 0:00:26]} Kg8 {[%emt 0:00:01]} 38. Qg5+ {[%emt 0:00:10]} Kh7 {[%emt 0:00:05]} 39. Qe7+ {[%emt 0:00:31]} Kg8 {[%emt 0:00:05]} 40. Qg5+ {[%emt 0:00:07]} 1/2-1/2

[Event "36th National Sub Junior 2019"]
[Site "Tiruchengode"]
[Date "2019.07.17"]
[Round "11.1"]
[White "Jain Nityata"]
[Black "Divya Deshmukh"]
[Result "0-1"]
[WhiteElo "2135"]
[BlackElo "2373"]
[Annotator "TA"]
[PlyCount "46"]
[EventDate "2019.07.09"]
[EventCountry "IND"]
[SourceTitle "playchess.com"]
[Source "ChessBase"]
[SourceQuality "1"]

{[%evp 9,105,15,22,23,25,25,25,25,29,19,19,21,30,16,13,10,8,-8,25,30,25,21,37,20,27,-42,-45,-31,-43,-31,-44,-104,-99,-129,-126,-156,-156,-180,-153,-145,-166,-159,-163,-162,-172,-172,-146,-147,-155,-157,-163,-163,-146,-155,-148,-181,-166,-247,-240,-300,-222,-211,-119,-181,-150,-287,-262,-692,-653,-684,-592,-5470,-441,-2019,-1966,-5277,-1785,-29962,-29964,-29975,-29976,-29976,-29977,-29982,-29983,-29984,-29985,-29985,-29986,-29997,-29996,-29996,-29997,-29997,-29998,-29998,-29999,-29999]} 1. e4 c5 2. Nf3 d6 3. Bb5+ Nd7 4. O-O a6 5. Bd3 Ngf6 6. Re1 {B51: Sicilian: Moscow Variation (3 Bb5+) without 3...Bd7} g6 (6... e6 7. a4 b6 8. c3 Bb7 9. Qe2 Qc7 10. Na3 Be7 11. Bb1 e5 12. d4 cxd4 13. cxd4 exd4 14. Nxd4 {½-½ (42) Jakovenko,D (2719)-Ding,L (2809) Shenzhen 2019}) 7. c3 Bg7 8. Bc2 {White has an edge.} b5 $146 ({Predecessor:} 8... O-O 9. d4 cxd4 10. cxd4 b5 11. Nc3 Bb7 {0-1 (36) Nasuta,G (2454)-Gormally,D (2483) Newcastle 2018}) 9. d4 cxd4 10. cxd4 Bb7 11. a3 O-O 12. Nc3 Rc8 13. Bg5 Qc7 14. Rc1 Qb8 15. Qe2 e6 16. Bd3 Nb6 17. a4 (17. h3 $11) 17... Nxa4 $15 18. Nxa4 {Black must now prevent Nc3.} Rxc1 19. Rxc1 bxa4 20. Bxf6 (20. Bf4 $15) 20... Bxf6 $17 21. Rc4 Rc8 22. Qc2 Rxc4 23. Qxc4 {[#]} d5 {Played: Bb7xe4} 0-1

[Event "36th National Sub Junior 2019"]
[Site "Tiruchengode"]
[Date "2019.07.17"]
[Round "11.2"]
[White "Bristy Mukherjee"]
[Black "Jyothsna L"]
[Result "1/2-1/2"]
[WhiteElo "1862"]
[BlackElo "1939"]
[Annotator "NA"]
[PlyCount "44"]
[EventDate "2019.07.09"]
[EventCountry "IND"]
[SourceTitle "playchess.com"]
[Source "ChessBase"]
[SourceQuality "1"]
[TimeControl "5400+30"]

1. e4 {[%emt 0:06:51]} e6 {[%emt 0:00:31]} 2. d3 {[%emt 0:03:22]} d5 {[%emt 0:00:03]} 3. Nd2 {[%emt 0:00:09]} c5 {[%emt 0:00:26]} 4. Ngf3 {[%emt 0:00:11]} Nf6 {[%emt 0:00:16]} 5. g3 {[%emt 0:00:06]} Nc6 {[%emt 0:00:15]} 6. Bg2 {[%emt 0:00:09]} g6 {[%emt 0:00:18]} 7. O-O {[%emt 0:01:02]} Bg7 {[%emt 0:00:09]} 8. c3 {[%emt 0:10:31]} O-O {[%emt 0:11:21]} 9. e5 {[%emt 0:05:12]} Nd7 {[%emt 0:00:05]} 10. d4 {[%emt 0:00:19]} b5 {[%emt 0:01:59]} 11. Re1 {[%emt 0:01:41]} b4 {[%emt 0:05:13]} 12. h4 {[%emt 0:04:38]} bxc3 {[%emt 0:05:03]} 13. bxc3 {[%emt 0:01:17]} Qa5 {[%emt 0:21:16]} 14. Re3 {[%emt 0:03:33]} Ba6 {[%emt 0:15:09]} 15. g4 $15 {[%emt 0:05:57]} ({White should try} 15. h5 $11) 15... Rfc8 {[%emt 0:18:29]} 16. h5 {[%emt 0:30:35]} Bh6 {[%emt 0:00:26]} 17. g5 {[%emt 0:00:11]} Bg7 {[%emt 0:00:14]} 18. Kh2 {[%emt 0:00:23]} Qd8 {[%emt 0:00:13]} 19. Kg1 {[%emt 0:00:05]} Qa5 {[%emt 0:00:02]} 20. Kh2 {[%emt 0:00:05]} Qd8 {[%emt 0:00:03]} 21. Kg1 {[%emt 0:00:03]} Qa5 {[%emt 0:00:08]} 22. Kh2 {[%emt 0:00:04]} Qd8 {[%emt 0:00:03]} 1/2-1/2

[Event "36th National Sub Junior 2019"]
[Site "Tiruchengode"]
[Date "2019.07.17"]
[Round "11.3"]
[White "Divyabharathi Masanam"]
[Black "Mrudul Dehankar"]
[Result "0-1"]
[WhiteElo "1730"]
[BlackElo "2074"]
[Annotator "NA"]
[PlyCount "98"]
[EventDate "2019.07.09"]
[EventCountry "IND"]
[SourceTitle "playchess.com"]
[Source "ChessBase"]
[SourceQuality "1"]
[TimeControl "5400+30"]

1. e4 {[%emt 0:00:21]} c5 {[%emt 0:00:00]} 2. Nf3 {[%emt 0:01:10]} d6 {[%emt 0:00:00]} 3. d4 {[%emt 0:01:06]} cxd4 {[%emt 0:00:06]} 4. Nxd4 {[%emt 0:00:04]} Nf6 {[%emt 0:00:05]} 5. Nc3 {[%emt 0:00:05]} a6 {[%emt 0:00:03]} 6. Be3 {[%emt 0:03:22]} e6 {[%emt 0:00:59]} 7. a4 {[%emt 0:03:43]} Qc7 {[%emt 0:02:30]} 8. Be2 {[%emt 0:02:03]} Be7 {[%emt 0:02:31]} 9. O-O {[%emt 0:01:53]} b6 {[%emt 0:01:16]} 10. f4 {[%emt 0:05:17]} Bb7 {[%emt 0:03:25]} 11. Bf3 {[%emt 0:00:30]} Nbd7 12. Qe2 {[%emt 0:02:11]} O-O {[%emt 0:02:06]} 13. Rfd1 {[%emt 0:03:40] B84: Sicilian Scheveningen: 6 Be2 a6, lines without early Be3} (13. Bf2 Rfe8 14. g4 Nc5 15. e5 Nd5 16. Nxd5 exd5 17. e6 Bf6 18. exf7+ Qxf7 19. Qd1 Ne4 20. g5 Bxd4 21. Bxd4 Qxf4 22. Bxe4 Qxe4 {½-½ (32) Kulaots,K (2564)-Shankland,S (2633) Las Vegas 2014}) 13... Rfd8 {[%emt 0:18:25]} 14. Bf2 $146 {[%emt 0:09:48]} ({Predecessor:} 14. Kh1 Rac8 15. Nb3 Nc5 16. Nxc5 dxc5 17. Qf2 Rxd1+ 18. Rxd1 Nd7 19. e5 Rd8 20. Ne4 Bxe4 21. Bxe4 {1-0 (54) Ruiz Planas,A (2110)-Coppulo Cerda,A (1895) Malgrat del Mar 1997}) 14... Nc5 {[%emt 0:23:32]} 15. Bg3 {[%emt 0:09:49]} Rac8 {[%emt 0:08:06]} 16. Qe3 {[%emt 0:08:32]} g6 {[%emt 0:09:31]} 17. Kh1 {[%emt 0:05:52]} Ne8 {[%emt 0:02:06]} 18. e5 {[%emt 0:05:39]} Ng7 {[%emt 0:04:36]} 19. Bf2 {[%emt 0:12:54]} Bxf3 {[%emt 0:06:17]} 20. Nxf3 {[%emt 0:00:10]} d5 {[%emt 0:06:39]} 21. Nd4 {[%emt 0:03:56]} Nd7 {[%emt 0:02:56]} 22. g4 {[%emt 0:03:55]} Bc5 {[%emt 0:02:22]} 23. Qe2 {[%emt 0:02:54]} Bxd4 {[%emt 0:02:58]} 24. Rxd4 {[%emt 0:00:15]} f6 {[%emt 0:00:38]} 25. Bg3 {[%emt 0:04:41]} fxe5 {[%emt 0:00:11]} 26. fxe5 {[%emt 0:00:06]} Qc5 {[%emt 0:01:01]} 27. Bf2 {[%emt 0:01:09]} Qe7 {[%emt 0:00:31]} 28. Bg3 {[%emt 0:00:50]} Nb8 {[%emt 0:00:32]} 29. Rf1 {[%emt 0:01:53]} Rf8 {[%emt 0:00:29]} 30. Rdf4 {[%emt 0:01:08]} g5 {[%emt 0:00:32]} 31. Rf6 {[%emt 0:00:46]} Nd7 {[%emt 0:00:04]} 32. Rxf8+ {[%emt 0:00:44]} Rxf8 {[%emt 0:00:05]} 33. Qxa6 {[%emt 0:00:50]} Qb4 {[%emt 0:01:07]} 34. Rxf8+ {[%emt 0:01:11]} Nxf8 {[%emt 0:00:13]} 35. Qb5 {[%emt 0:00:17]} Qxg4 {[%emt 0:00:45]} 36. Qe2 {[%emt 0:03:11]} Qb4 {[%emt 0:00:42]} 37. Qb5 {[%emt 0:00:30]} Qd4 {[%emt 0:00:06]} 38. Qe2 $17 {[%emt 0:01:27]} (38. Qd3 $11 Qg4) 38... Nf5 {[%emt 0:00:36]} 39. Bf2 {[%emt 0:00:09]} Qb4 {[%emt 0:00:38]} 40. Qb5 {[%emt 0:00:34]} Qf4 {[%emt 0:00:08]} 41. Qxb6 {[%emt 0:00:58]} d4 {[%emt 0:00:13]} 42. Nd1 {[%emt 0:00:54]} Qf3+ {[%emt 0:00:05]} 43. Kg1 {[%emt 0:00:02]} Qxd1+ {[%emt 0:00:06]} 44. Kg2 {[%emt 0:00:03]} Qe2 {[%emt 0:00:30]} 45. Kg1 {[%emt 0:01:02]} Ne3 {[%emt 0:00:17]} 46. Bxe3 {[%emt 0:00:08]} dxe3 {[%emt 0:00:02]} 47. Qb5 {[%emt 0:00:27]} Qf2+ {[%emt 0:00:07]} 48. Kh1 {[%emt 0:00:04]} e2 {[%emt 0:00:04]} 49. Qb4 {[%emt 0:00:39]} Qf1# {[%emt 0:00:03]} 0-1

[Event "36th National Sub Junior 2019"]
[Site "Tiruchengode"]
[Date "2019.07.17"]
[Round "11.4"]
[White "Rindhiya V"]
[Black "Sai Divya M"]
[Result "0-1"]
[WhiteElo "1573"]
[BlackElo "1784"]
[Annotator "NA"]
[PlyCount "136"]
[EventDate "2019.07.09"]
[EventCountry "IND"]
[SourceTitle "playchess.com"]
[Source "ChessBase"]
[SourceQuality "1"]
[TimeControl "5400+30"]

1. e4 {[%emt 0:00:00]} c5 {[%emt 0:00:00]} 2. Nc3 {[%emt 0:00:00]} Nc6 {[%emt 0:00:07]} 3. g3 {[%emt 0:00:00]} g6 {[%emt 0:00:49]} 4. Bg2 {[%emt 0:00:00]} Bg7 {[%emt 0:00:07]} 5. Nge2 {[%emt 0:00:00]} d6 {[%emt 0:01:45]} 6. d3 {[%emt 0:00:00]} e6 {[%emt 0:01:08]} 7. Be3 {[%emt 0:00:00]} Nd4 {[%emt 0:03:38]} 8. Qd2 {[%emt 0:00:12]} Ne7 {[%emt 0:01:35]} 9. Nd1 {[%emt 0:00:12]} Qc7 {[%emt 0:10:33]} 10. c3 {[%emt 0:00:31]} Ndc6 {[%emt 0:01:29]} 11. O-O {[%emt 0:00:22]} O-O {[%emt 0:01:40]} 12. Bh6 {[%emt 0:05:42]} b6 {[%emt 0:00:30]} 13. Bxg7 {[%emt 0:00:30]} Kxg7 {[%emt 0:02:20]} 14. Ne3 {[%emt 0:03:44]} Bb7 {[%emt 0:03:06]} 15. Rae1 {[%emt 0:08:18]} Rae8 {[%emt 0:06:48]} 16. d4 {[%emt 0:05:35]} Ba6 {[%emt 0:07:09]} 17. d5 {[%emt 0:01:09]} exd5 {[%emt 0:04:47]} 18. exd5 {[%emt 0:00:17]} Ne5 {[%emt 0:51:29]} 19. c4 {[%emt 0:02:45]} Kg8 {[%emt 0:00:00]} 20. Qc3 {[%emt 0:03:45]} Bc8 {[%emt 0:00:00]} 21. f4 {[%emt 0:26:42]} Ng4 {[%emt 0:00:00]} 22. Nxg4 {[%emt 0:05:21]} Bxg4 {[%emt 0:00:00]} 23. Bf3 {[%emt 0:00:27]} Bxf3 {[%emt 0:00:00]} 24. Rxf3 {[%emt 0:11:19]} Nf5 {[%emt 0:00:00]} 25. Nc1 {[%emt 0:03:44]} Rxe1+ {[%emt 0:00:00]} 26. Qxe1 {[%emt 0:00:23]} Qd7 {[%emt 0:00:00]} 27. Rf2 {[%emt 0:02:22]} Nd4 {[%emt 0:00:00]} 28. Nb3 {[%emt 0:01:17]} Re8 {[%emt 0:00:00]} 29. Qd2 {[%emt 0:00:17]} Re2 {[%emt 0:00:00]} 30. Qd3 {[%emt 0:08:53]} Re1+ {[%emt 0:00:00]} 31. Rf1 {[%emt 0:03:34]} Rxf1+ {[%emt 0:00:00]} 32. Kxf1 {[%emt 0:00:29]} Qh3+ {[%emt 0:00:00]} 33. Kg1 {[%emt 0:00:01]} Nf5 {[%emt 0:00:00]} 34. Nd2 {[%emt 0:01:07]} h5 {[%emt 0:00:00]} 35. Ne4 {[%emt 0:00:39]} Nd4 {[%emt 0:00:00]} 36. Nxd6 {[%emt 0:01:53]} Qd7 {[%emt 0:00:00]} 37. Ne4 {[%emt 0:00:50]} Kg7 {[%emt 0:00:00]} 38. b4 {[%emt 0:00:32]} Qe7 {[%emt 0:00:00]} 39. bxc5 {[%emt 0:00:40]} bxc5 {[%emt 0:00:00]} 40. d6 {[%emt 0:02:52]} Qe6 {[%emt 0:01:29]} 41. Nxc5 {[%emt 0:01:14]} Qxd6 {[%emt 0:01:34]} 42. Ne4 {[%emt 0:00:18]} Qb6 {[%emt 0:00:20]} 43. c5 {[%emt 0:00:37]} Qb4 {[%emt 0:00:04]} 44. a3 {[%emt 0:02:11]} Qb2 {[%emt 0:00:19]} 45. a4 {[%emt 0:01:13]} Qa1+ {[%emt 0:01:23]} 46. Kf2 {[%emt 0:00:13]} Qa2+ {[%emt 0:00:47]} 47. Ke1 {[%emt 0:00:45]} Qxa4 {[%emt 0:00:32]} 48. Nd2 {[%emt 0:00:33]} Qa1+ {[%emt 0:01:06]} 49. Kf2 {[%emt 0:00:09]} Qb2 {[%emt 0:00:27]} 50. Ke3 {[%emt 0:00:33]} Nc2+ {[%emt 0:01:07]} 51. Ke2 {[%emt 0:00:41]} Nd4+ {[%emt 0:00:50]} 52. Ke3 {[%emt 0:00:21]} Nf5+ {[%emt 0:00:06]} 53. Ke2 {[%emt 0:00:41]} a5 {[%emt 0:00:26]} 54. Qc4 {[%emt 0:00:29]} Qf6 {[%emt 0:00:45]} 55. Ne4 {[%emt 0:00:24]} Qb2+ {[%emt 0:00:02]} 56. Nd2 {[%emt 0:00:01]} Qb7 {[%emt 0:01:59]} 57. Qc3+ {[%emt 0:01:04]} Kh7 {[%emt 0:00:04]} 58. Qxa5 {[%emt 0:00:23]} Qg2+ {[%emt 0:00:11]} 59. Kd3 {[%emt 0:00:36]} Qd5+ {[%emt 0:00:10]} 60. Kc2 {[%emt 0:00:36]} Ne3+ {[%emt 0:00:11]} 61. Kc1 {[%emt 0:00:24]} Qh1+ {[%emt 0:00:28]} 62. Kb2 {[%emt 0:00:05]} Qxh2 {[%emt 0:00:09]} 63. Kb3 {[%emt 0:00:53]} Qxg3 {[%emt 0:00:19]} 64. Qc3 {[%emt 0:00:13]} Qxf4 {[%emt 0:00:18]} 65. c6 {[%emt 0:00:01]} Nd5 {[%emt 0:00:17]} 66. Qc2 {[%emt 0:00:24]} Qb4+ {[%emt 0:00:09]} 67. Ka2 {[%emt 0:00:01]} Nc3+ {[%emt 0:00:06]} 68. Ka1 {[%emt 0:00:01]} Qa3+ {[%emt 0:00:05]} 0-1

[Event "36th National Sub Junior 2019"]
[Site "Tiruchengode"]
[Date "2019.07.17"]
[Round "11.5"]
[White "Poorna Sri M.K"]
[Black "Arushi Kotwal"]
[Result "1/2-1/2"]
[WhiteElo "1681"]
[BlackElo "1744"]
[Annotator "NA"]
[PlyCount "62"]
[EventDate "2019.07.09"]
[EventCountry "IND"]
[SourceTitle "playchess.com"]
[Source "ChessBase"]
[SourceQuality "1"]
[TimeControl "5400+30"]

1. e4 {[%emt 0:00:00]} e6 {[%emt 0:00:00]} 2. d4 {[%emt 0:00:00]} d5 {[%emt 0:00:00]} 3. Nc3 {[%emt 0:00:00]} Nf6 {[%emt 0:00:00]} 4. Bg5 {[%emt 0:00:09]} dxe4 {[%emt 0:00:00]} 5. Nxe4 {[%emt 0:00:34]} Be7 {[%emt 0:00:00]} 6. Bxf6 {[%emt 0:00:11]} gxf6 {[%emt 0:00:03]} 7. Nf3 {[%emt 0:00:22]} a6 {[%emt 0:00:05]} 8. Qd2 {[%emt 0:04:46]} f5 {[%emt 0:04:01]} 9. Nc3 {[%emt 0:00:42]} b5 {[%emt 0:00:47]} 10. O-O-O {[%emt 0:00:40]} Bb7 {[%emt 0:01:04]} 11. Qe3 {[%emt 0:08:16]} Bd5 {[%emt 0:05:52]} 12. Kb1 Qd6 {[%emt 0:11:49]} 13. Ne5 {[%emt 0:09:17]} Nd7 {[%emt 0:06:52]} 14. f3 {[%emt 0:11:33]} c6 {[%emt 0:12:12]} 15. Rg1 {[%emt 0:08:10]} Nxe5 {[%emt 0:11:11]} 16. dxe5 {[%emt 0:03:42]} Qc5 {[%emt 0:00:09]} 17. Nxd5 {[%emt 0:00:53]} cxd5 {[%emt 0:00:56]} 18. Qd2 {[%emt 0:03:05]} Qc7 {[%emt 0:09:25]} 19. f4 {[%emt 0:03:48]} h5 {[%emt 0:00:51]} 20. g3 {[%emt 0:06:19]} Bc5 {[%emt 0:05:13]} 21. Rg2 {[%emt 0:01:21]} Ke7 {[%emt 0:03:49]} 22. Be2 {[%emt 0:02:58]} Qb6 {[%emt 0:10:06]} 23. Qd3 {[%emt 0:04:51]} b4 {[%emt 0:03:21]} 24. Bf3 {[%emt 0:02:09]} Rh6 {[%emt 0:01:57]} 25. h3 {[%emt 0:05:54]} Rg8 {[%emt 0:08:19]} 26. Rh1 {[%emt 0:02:08]} a5 {[%emt 0:01:39]} 27. Qe2 {[%emt 0:03:38]} Rgh8 {[%emt 0:00:16]} 28. Rc1 {[%emt 0:07:48]} Be3 {[%emt 0:01:31]} 29. Re1 {[%emt 0:00:07]} Bc5 {[%emt 0:00:45]} 30. Rc1 {[%emt 0:01:41]} Be3 {[%emt 0:00:09]} 31. Re1 {[%emt 0:01:45]} Bc5 {[%emt 0:00:14]} 1/2-1/2